Millions of monarchs Bunches of beetles

Na minha lista:
Detalhes bibliográficos
Autor principal: Gilbert Waldbauer
Formato: Livro
Idioma:Undetermined
Publicado em: Cambridge, MA. Havard Univ. Press 2000
Assuntos:
Tags: Adicionar Tag
Sem tags, seja o primeiro a adicionar uma tag!
Thư viện lưu trữ: Trung tâm Học liệu Trường Đại học Cần Thơ
LEADER 00522nam a2200193Ia 4500
001 CTU_53108
008 210402s9999 xx 000 0 und d
020 |b 393000 
082 |a 595.7156 
082 |b W157 
100 |a Gilbert Waldbauer 
245 0 |a Millions of monarchs 
245 0 |b Bunches of beetles 
260 |a Cambridge, MA. 
260 |b Havard Univ. Press 
260 |c 2000 
650 |a insects,social behavior in animals 
650 |x behavior 
980 |a Trung tâm Học liệu Trường Đại học Cần Thơ